00297nam a2200121Ia 45000030006000000080041000060400015000471000015000622450060000772600009001375460012001460050017001580STCL150530s9999 xx 000 0 und d aSTCLcSTCL aJohn Arden aArden serjeant musgraves dance an un historical parable c1985 aEnglish20220125171009.0